Every NHL 1000 Point Scorer - Statistics

General Stats
  • This quiz has been taken 410 times
    21 since last reset
  • The average score is 62 of 103
Answer Stats
Player National Team NHL Team Date Points % Correct
Alexander Ovechkin Russia Washington Capitals 1/11/2017 1,687
100%
Wayne Gretzky Canada Edmonton Oilers 12/19/1984 2,857
100%
Evgeni Malkin Russia Pittsburgh Penguins 3/12/2019 1,407
94%
Gordie Howe Canada Detroit Red Wings 11/27/1960 1,850
94%
Jaromir Jagr Czech Republic Pittsburgh Penguins 12/30/2000 1,921
94%
Joe Sakic Canada Colorado Avalanche 12/27/1999 1,641
94%
Mario Lemieux Canada Pittsburgh Penguins 3/24/1992 1,723
94%
Ray Bourque Canada Boston Bruins (D) 2/29/1992 1,579
94%
Sidney Crosby Canada Pittsburgh Penguins 2/16/2017 1,761
94%
Bobby Clarke Canada Philadelphia Flyers 3/19/1981 1,210
89%
Jari Kurri Finland Edmonton Oilers 1/2/1990 1,398
89%
Marcel Dionne Canada Los Angeles Kings 1/7/1981 1,771
89%
Mark Messier Canada Edmonton Oilers 1/13/1991 1,887
89%
Mike Bossy Canada New York Islanders 1/24/1986 1,126
89%
Mike Modano United States Dallas Stars 11/15/2002 1,374
89%
Patrick Kane United States Chicago Blackhawks 1/19/2020 1,400
89%
Phil Esposito Canada Boston Bruins 2/15/1974 1,590
89%
Stan Mikita Canada Slovakia Chicago Black Hawks 10/15/1972 1,467
89%
Teemu Selanne Finland Mighty Ducks of Anaheim 1/30/2006 1,457
89%
Bobby Hull Canada Chicago Black Hawks 12/13/1970 1,170
83%
Brett Hull Canada United States Dallas Stars 11/14/1998 1,391
83%
Bryan Trottier Canada New York Islanders 1/29/1985 1,425
83%
Joe Thornton Canada San Jose Sharks 4/8/2011 1,539
83%
Luc Robitaille Canada Los Angeles Kings 1/29/1998 1,394
83%
Brendan Shanahan Canada Detroit Red Wings 1/12/2002 1,354
78%
Guy Lafleur Canada Montreal Canadiens 3/4/1981 1,353
78%
Mats Sundin Sweden Toronto Maple Leafs 3/10/2003 1,349
78%
Steve Yzerman Canada Detroit Red Wings 2/24/1993 1,755
78%
Anze Kopitar Slovenia Los Angeles Kings 5/5/2021 1,316
72%
Connor McDavid Canada Edmonton Oilers 11/14/2024 1,220
72%
Daniel Sedin Sweden Vancouver Canucks 11/30/2017 1,041
72%
Henrik Sedin Sweden Vancouver Canucks 1/20/2017 1,070
72%
Henri Richard Canada Montreal Canadiens 12/20/1973 1,046
72%
Paul Coffey Canada Pittsburgh Penguins (D) 12/22/1990 1,531
72%
Ron Francis Canada Pittsburgh Penguins 10/28/1993 1,798
72%
Steven Stamkos Canada Tampa Bay Lightning 12/1/2022 1,256
72%
Dave Andreychuk Canada New Jersey Devils 4/7/1996 1,338
67%
Doug Gilmour Canada Toronto Maple Leafs 12/23/1995 1,414
67%
Gilbert Perreault Canada Buffalo Sabres 4/3/1982 1,326
67%
Jean Beliveau Canada Montreal Canadiens 3/3/1968 1,219
67%
Jeremy Roenick United States Philadelphia Flyers 1/30/2002 1,216
67%
John Tavares Canada Toronto Maple Leafs 12/11/2023 1,185
67%
Lanny McDonald Canada Calgary Flames 3/7/1989 1,006
67%
Leon Draisaitl Germany Edmonton Oilers 12/16/2025 1,053
67%
Mark Recchi Canada Philadelphia Flyers 3/13/2001 1,533
67%
Nicklas Lidstrom Sweden Detroit Red Wings (D) 10/15/2009 1,142
67%
Nikita Kucherov Russia Tampa Bay Lightning 10/25/2025 1,124
67%
Patrick Marleau Canada San Jose Sharks 11/21/2015 1,197
67%
Adam Oates Canada Washington Capitals 10/8/1997 1,420
61%
Al MacInnis Canada St. Louis Blues (D) 4/7/1998 1,274
61%
Claude Giroux Canada Ottawa Senators 4/10/2023 1,165
61%
Daniel Alfredsson Sweden Ottawa Senators 10/22/2010 1,157
61%
Dino Ciccarelli Canada Detroit Red Wings 3/9/1994 1,200
61%
Jarome Iginla Canada Calgary Flames 4/1/2011 1,300
61%
Johnny Bucyk Canada Boston Bruins 11/9/1972 1,369
61%
Mike Gartner Canada New York Rangers 1/4/1992 1,335
61%
Rod Brind'Amour Canada Carolina Hurricanes 11/4/2006 1,184
61%
Denis Potvin Canada New York Islanders (D) 4/4/1987 1,052
56%
Marian Hossa Slovakia Chicago Blackhawks 10/30/2014 1,134
56%
Martin St. Louis Canada New York Rangers 11/28/2014 1,033
56%
Nathan MacKinnon Canada Colorado Avalanche 3/10/2025 1,142
56%
Nicklas Backstrom Sweden Washington Capitals 3/9/2022 1,033
56%
Pat LaFontaine United States New York Rangers 1/22/1998 1,013
56%
Peter Stastny Czechoslovakia Slovakia Canada Quebec Nordiques 10/19/1989 1,239
56%
Pierre Turgeon Canada St. Louis Blues 10/9/1999 1,327
56%
Sergei Fedorov Russia Mighty Ducks of Anaheim 2/14/2004 1,179
56%
Brad Marchand Canada Florida Panthers 11/13/2025 1,034
50%
Brian Leetch United States Boston Bruins (D) 10/18/2005 1,028
50%
Dale Hawerchuk Canada Buffalo Sabres 3/8/1991 1,409
50%
Keith Tkachuk United States St. Louis Blues 11/30/2008 1,065
50%
Larry Murphy Canada Toronto Maple Leafs (D) 3/27/1996 1,217
50%
Patrice Bergeron Canada Boston Bruins 11/21/2022 1,040
50%
Patrik Elias Czech Republic New Jersey Devils 1/6/2015 1,025
50%
Phil Housley United States Washington Capitals (D) 11/8/1997 1,232
50%
Ryan Getzlaf Canada Anaheim Ducks 11/16/2021 1,019
50%
Bernie Federko Canada St. Louis Blues 3/19/1988 1,130
44%
Darryl Sittler Canada Philadelphia Flyers 1/20/1983 1,121
44%
Denis Savard Canada Chicago Blackhawks 3/11/1990 1,338
44%
Jean Ratelle Canada Boston Bruins 4/3/1977 1,267
44%
Joe Pavelski United States Dallas Stars 4/10/2023 1,068
44%
Rod Gilbert Canada New York Rangers 2/19/1977 1,021
44%
Alex Delvecchio Canada Detroit Red Wings 2/16/1969 1,281
39%
Bernie Nicholls Canada New Jersey Devils 2/13/1994 1,209
33%
Bobby Smith Canada Minnesota North Stars 11/30/1991 1,036
33%
Dave Taylor Canada Los Angeles Kings 2/5/1991 1,069
33%
Doug Weight United States New York Islanders 1/2/2009 1,033
33%
Eric Staal Canada Minnesota Wild 12/15/2019 1,063
33%
Frank Mahovlich Canada Montreal Canadiens 2/17/1973 1,103
33%
Glenn Anderson Canada Toronto Maple Leafs 2/22/1993 1,099
33%
Joe Nieuwendyk Canada New Jersey Devils 2/23/2003 1,126
33%
Steve Larmer Canada New York Rangers 3/8/1995 1,012
33%
Theoren Fleury Canada New York Rangers 10/29/2001 1,088
33%
Alexander Mogilny Russia Toronto Maple Leafs 3/15/2004 1,032
28%
Dale Hunter Canada Washington Capitals 1/9/1998 1,020
28%
Joe Mullen United States Pittsburgh Penguins 2/7/1995 1,063
28%
Pat Verbeek Canada Detroit Red Wings 2/27/2000 1,062
28%
Ray Whitney Canada Phoenix Coyotes 3/31/2012 1,064
28%
Vincent Damphousse Canada San Jose Sharks 10/14/2000 1,205
28%
Alexei Kovalev Russia Ottawa Senators 11/22/2010 1,029
22%
Michel Goulet Canada Chicago Blackhawks 2/23/1991 1,153
22%
Norm Ullman Canada Toronto Maple Leafs 10/16/1971 1,229
22%
Brian Bellows Canada Washington Capitals 1/2/1999 1,022
17%
Brian Propp Canada Hartford Whalers 3/19/1994 1,004
0%
No matching quizzes found
Score Distribution
Percent of People with Each Score
Percentile by Number Answered
Your Score History
You have not taken this quiz since the last reset